000 00576nam a2200205Ia 4500
003 OSt
005 20230517141722.0
008 210423s1992 xx 000 0 und d
040 _cAL
041 _aeng
082 _a338.9
_223
_bDSOD
100 _aDSOUZA (Victor S)
_9106763
245 _aDevelopment planning and structural inequalitics
260 _aEngland
_bOxford & IBH
_c1992
365 _b45
_cINR
650 _aEconomics
_9106764
650 _aEconomics of Development
_9106765
906 _aDevelopment ; inequalitics ; planning ; structural
942 _2ddc
_cBK
999 _c172330
_d172330